[Event "Serik op"]
[Site "Serik"]
[Date "2017.05.20"]
[Round "8"]
[White "Ramzi Khazaal, Ahmed Al Dahwi"]
[Black "Can, Furkan"]
[Result "0-1"]
[WhiteElo "1894"]
[BlackElo "1733"]
[PlyCount "70"]
[EventDate "2017.05.16"]
[EventType "swiss"]
[EventRounds "9"]
[EventCountry "TUR"]
[SourceTitle "CBM 178 Extra"]
[Source "ChessBase"]
[SourceDate "2017.06.22"]
[SourceVersion "1"]
[SourceVersionDate "2017.06.22"]
[SourceQuality "1"]

1. d4 d5 2. c4 c6 3. Nf3 Nf6 4. Nc3 dxc4 5. e3 b5 6. a4 b4 7. Na2 a5 8. Bxc4 e6 9. b3 Be7 10. Bb2 Ba6 11. Bxa6 Nxa6 12. Ne5 c5 13. Nc6 Qd5 14. Qf3 Qxb3 15. Nxa5 Qd5 16. Qxd5 Nxd5 17. dxc5 Nxc5 18. Nc6 Nd3+ 19. Ke2 Nxb2 20. Nxe7 Kxe7 21. e4 Nc3+ 22. Nxc3 bxc3 23. Ra3 Nxa4 24. Rha1 Nb6 25. Kd3 Rxa3 26. Rxa3 Rc8 27. Kc2 Kf6 28. Ra7 Nc4 29. Kxc3 Ne3+ 30. Kd4 Nxg2 31. e5+ Kg6 32. Ra1 Nh4 33. Rg1+ Kh6 34. Ke3 Nf5+ 35. Ke4 Rc2 0-1

[Event "Baghdad op 5th"]
[Site "Baghdad"]
[Date "2017.03.16"]
[Round "1"]
[White "Khodashenas, Mersad"]
[Black "Ramzi Khazaal, Ahmed Al Dahwi"]
[Result "1-0"]
[WhiteElo "2366"]
[BlackElo "1935"]
[PlyCount "91"]
[EventDate "2017.03.16"]
[EventType "swiss"]
[EventRounds "9"]
[EventCountry "IRQ"]
[SourceTitle "CBM 177 Extra"]
[Source "ChessBase"]
[SourceDate "2017.04.27"]
[SourceVersion "1"]
[SourceVersionDate "2017.04.27"]
[SourceQuality "1"]

1. e4 c5 2. Nf3 d6 3. d4 cxd4 4. Nxd4 Nf6 5. Nc3 g6 6. Be2 Bg7 7. 0-0 0-0 8. Re1 Nc6 9. Nb3 Be6 10. Bf1 Rc8 11. Nd5 Ne5 12. Bg5 Bxd5 13. exd5 Re8 14. c3 Nc4 15. Bxc4 Rxc4 16. Nd2 Rc7 17. Bxf6 Bxf6 18. Ne4 Bg7 19. Re3 Qd7 20. Qf3 h6 21. h4 Rc4 22. h5 g5 23. Qe2 b5 24. Qd3 f5 25. Nd2 Rh4 26. Re6 Rf8 27. g3 Rxh5 28. Qe2 Qe8 29. Rxe7 Qg6 30. Re6 Bf6 31. Rxd6 g4 32. Kg2 Rh3 33. Rh1 Qh5 34. Qe6+ Kh8 35. Rxh3 Qxh3+ 36. Kg1 Bg7 37. Rd7 f4 38. Qe7 Rg8 39. Qh4 Qxh4 40. gxh4 Re8 41. Nf1 Re2 42. d6 f3 43. Rxg7 Kxg7 44. d7 g3 45. d8Q g2 46. Qd7+ 1-0

[Event "Baghdad op 4th"]
[Site "Baghdad"]
[Date "2016.03.20"]
[Round "1"]
[White "Ramzi Khazaal, Ahmed Al Dahwi"]
[Black "Mohammed, Zozek Salah Mohamme"]
[Result "0-1"]
[WhiteElo "1935"]
[BlackElo "2256"]
[PlyCount "78"]
[EventDate "2016.03.20"]
[EventType "swiss"]
[EventRounds "9"]
[EventCountry "IRQ"]
[SourceTitle "EXT 2017"]
[Source "ChessBase"]
[SourceDate "2016.10.25"]
[SourceVersion "1"]
[SourceVersionDate "2016.10.25"]
[SourceQuality "1"]

1. d4 Nf6 2. c4 e6 3. Nc3 d5 4. Nf3 Be7 5. e3 0-0 6. Bd3 b6 7. cxd5 exd5 8. 0-0 Bb7 9. b3 Nbd7 10. Bb2 Ne4 11. Ne5 Bd6 12. f4 Nxc3 13. Bxc3 Nf6 14. Bb2 Ne4 15. Rc1 c5 16. Qe2 Qe7 17. Bxe4 dxe4 18. Rfd1 Rfd8 19. Qg4 f6 20. Nc4 Bc8 21. Qg3 Ba6 22. Nxd6 Qxd6 23. h4 Bd3 24. dxc5 bxc5 25. h5 Rac8 26. Qg4 Kf7 27. Ba3 Qb6 28. Bb2 a5 29. Qh3 a4 30. Rc3 Ra8 31. Rdc1 c4 32. Ba1 axb3 33. axb3 Qb4 34. Qg4 Kf8 35. h6 g6 36. Qe6 Rd6 37. Qh3 Rda6 38. bxc4 Rxa1 39. Qd7 Qe7 0-1